Normal view
MARC view
- Julio Collado-vides
Entry Personal Name
001 - CONTROL NUMBER
- control field: 15573
003 - CONTROL NUMBER IDENTIFIER
- control field: NUST
005 - DATE AND TIME OF LATEST TRANSACTION
- control field: 20190625114100.0
008 - FIXED-LENGTH DATA ELEMENTS
- fixed length control field: 190625|| aca||aabn | a|a d
040 ## - CATALOGING SOURCE
- Original cataloging agency: NUST
- Transcribing agency: NUST
100 ## - HEADING--PERSONAL NAME
- Personal name: Julio Collado-vides
670 ## - SOURCE DATA FOUND
- Source citation: Work cat.: (NUST)17039: Julio Collado-vides, Gene Regulation and Metabolism, 2000
